| 000 | 00975cam a22003015a 4500 | ||
|---|---|---|---|
| 001 | 015365292 | ||
| 003 | EG-ScBUE | ||
| 005 | 20220510120602.0 | ||
| 008 | 100818r20132009enk f b 001 0 eng d | ||
| 020 | _a9780194421942 (pbk.) | ||
| 040 |
_aIiNdDKA _beng _erda _cIiNdDKA _dEG-ScBUE |
||
| 082 | 0 | 4 |
_a428.00711 _bMAL _222 |
| 100 | 1 |
_aMaley, Alan, _d1937- _eauthor. _938490 |
|
| 245 | 1 | 0 |
_aAdvanced learners / _cAlan Maley. |
| 250 | _aReprinted edition. | ||
| 264 | 1 |
_aOxford : _bOxford University Press, _c2013. |
|
| 300 |
_axiii, 130 pages ; _c25 cm. |
||
| 336 |
_2rdacontent _atext _btxt |
||
| 337 |
_2rdamedia _aunmediated _bn |
||
| 338 |
_2rdacarrier _avolume _bnc |
||
| 490 | 0 | _aResource books for teachers | |
| 504 | _aIncludes bibliographical references and index. | ||
| 650 | 7 |
_aEnglish language _xStudy and teaching (Higher) _xForeign speakers. _2BUEsh |
|
| 651 | _2BUEsh | ||
| 653 |
_cOctober2015 _bHHUUEENN |
||
| 655 |
_vReading book _934232 |
||
| 942 |
_2ddc _cBB |
||
| 999 |
_c20910 _d20882 |
||